00357nam a2200121Ia 4500008004100000082002100041100001600062245001900078260005800097300000900155630001800164650005300182211118s9999||||xx |||||||||||||| ||und|| a894.81205bMAT-V aMathew, T V 0aVrutthasastram bState Institute of LanguagesaThiruvanathapuramc1996 a366p xGeneral Stack aMalayalam LiteraturevMalayalam GrammarMalayalam